Campbell's operative orthopaedics / (Record no. 3469)

MARC details
000 -LEADER
fixed length control field 01701cam a2200397 a 4500
001 - CONTROL NUMBER
control field 13144553
003 - CONTROL NUMBER IDENTIFIER
control field OSt
005 - DATE AND TIME OF LATEST TRANSACTION
control field 20260209120815.0
008 - FIXED-LENGTH DATA ELEMENTS--GENERAL INFORMATION
fixed length control field 030401s2003 moua b 001 0 eng
010 ## - LIBRARY OF CONGRESS CONTROL NUMBER
LC control number 2003267650
020 ## - INTERNATIONAL STANDARD BOOK NUMBER
International Standard Book Number 0808900145
Qualifying information set
035 ## - SYSTEM CONTROL NUMBER
System control number 13144553
040 ## - CATALOGING SOURCE
Original cataloging agency DLC
Transcribing agency DLC
Modifying agency Outspan Global University
050 00 - LIBRARY OF CONGRESS CALL NUMBER
Classification number RD731
Item number .C36 2003
082 04 - DEWEY DECIMAL CLASSIFICATION NUMBER
Classification number 617.5
Edition information 21
100 ## - MAIN ENTRY--PERSONAL NAME
Personal name Campbell, C. Willis
245 00 - TITLE STATEMENT
Title Campbell's operative orthopaedics /
Statement of responsibility, etc. edited by S. Terry Canale.
246 30 - VARYING FORM OF TITLE
Title proper/short title Operative orthopaedics
250 ## - EDITION STATEMENT
Edition statement 10th ed.
260 ## - PUBLICATION, DISTRIBUTION, ETC.
Place of publication, distribution, etc. St. Louis :
Name of publisher, distributor, etc. Mosby :
Date of publication, distribution, etc. c2003.
300 ## - PHYSICAL DESCRIPTION
Extent 4 v. (xiii, 4283, 118 p.) :
Other physical details ill. (some col.) ;
Dimensions 29 cm. +
Accompanying material 1 CD ROM (4 3/4in.)
336 ## - CONTENT TYPE
Content type term text
Content type code txt
Source rdacontent
337 ## - MEDIA TYPE
Media type term unmediated
Media type code n
Source rdamedia
338 ## - CARRIER TYPE
Carrier type term volume
Carrier type code nc
Source rdacarrier
504 ## - BIBLIOGRAPHY, ETC. NOTE
Bibliography, etc. note Includes bibliographical references and index.
538 ## - SYSTEM DETAILS NOTE
System details note System requirements for accompanying disk: Windows: PC Based Pentium 266MMX ; Windows 98 Release 2 and higher, 98/98SE, ME, 2000, NT 4.0 Service Pack 6 (SP6) or higher ; 32 MB RAM ; 8X CD ROM drive ; video card with 16bit or higher color (24 or 32 bit is best) ; display resolution of 800x600 or greater ; sound card and speakers. Macintosh: Power PC G3 300MHZ, I-MAC, I-Book ; Macintosh OS 8.5 and higher.
650 #0 - SUBJECT ADDED ENTRY--TOPICAL TERM
Topical term or geographic name entry element Orthopedic surgery.
650 12 - SUBJECT ADDED ENTRY--TOPICAL TERM
Topical term or geographic name entry element Orthopedics.
700 1# - ADDED ENTRY--PERSONAL NAME
Personal name Canale, S. T.
Fuller form of name (S. Terry)
700 1# - ADDED ENTRY--PERSONAL NAME
Personal name Daugherty,Kay
Relator term Editor.
700 1# - ADDED ENTRY--PERSONAL NAME
Personal name Jones, Linda
Relator term Editor.
906 ## - LOCAL DATA ELEMENT F, LDF (RLIN)
a 7
b cbc
c origcop
d 2
e ncip
f 20
g y-gencatlg
942 ## - ADDED ENTRY ELEMENTS (KOHA)
Source of classification or shelving scheme Library of Congress Classification
Koha item type Books
Edition 10
Suppress in OPAC No
Holdings
Withdrawn status Lost status Source of classification or shelving scheme Materials specified (bound volume or other part) Damaged status Not for loan Home library Current library Shelving location Date acquired Source of acquisition Total checkouts Full call number Barcode Date last seen Price effective from Koha item type
    Library of Congress Classification VOL. I     2nd Floor Main Library 2nd Floor Main Library General stacks 02/09/2026 Donation by Aga Khan University LIbrary   RD731. C36 2003 102221 02/09/2026 02/09/2026 Books
    Library of Congress Classification VOL. II     2nd Floor Main Library 2nd Floor Main Library General stacks 02/09/2026 Donation by Aga Khan University LIbrary   RD731. C36 2003 102222 02/09/2026 02/09/2026 Books